Music Quiz

Random Music or Rock Quiz

Bruce Springsteen Albums Quiz Stats

 Plays Quiz Updated Jun 29, 2019

     
Support Sporcle.
Go Orange.
Score 0/20 Timer 06:00
6 Plays Today
Year Album % Correct
1984Born in the U.S.A.
93.7%
1975Born to Run
92.9%
1980The River
79.6%
1982Nebraska
79.3%
2002The Rising
76.6%
1978Darkness on the Edge of Town
73.7%
2012Wrecking Ball
72.8%
2020Letter to You
70.9%
2019Western Stars
70.1%
2007Magic
70%
Year Album % Correct
1987Tunnel of Love
69%
1973Greetings from Asbury Park, N.J.
65.9%
1973The Wild, the Innocent, & the E Street Shuffle
65.5%
2014High Hopes
63.9%
1995The Ghost of Tom Joad
63%
1992Human Touch
57.4%
2009Working on a Dream
56.5%
1992Lucky Town
56.1%
2005Devils & Dust
55.3%
2006We Shall Overcome: The Seeger Sessions
43.4%

From the Vault

Movie by Highly Implausible Scene

by DarkPhalanx

Movies 5m
These scenes might push your suspension of disbelief right over the edge.
Remove Ads.
Support Sporcle.
Get the best of Sporcle when you Go Orange. This ad-free experience offers more features, more stats, and more fun while also helping to support Sporcle. Thank you for becoming a member.

Show Comments

Extras

Top Quizzes Today


Score Distribution

Your Account Isn't Verified!

In order to create a playlist on Sporcle, you need to verify the email address you used during registration. Go to your Sporcle Settings to finish the process.

Report this User

Report this user for behavior that violates our Community Guidelines.

Details: